000 01177nam a22003257a 4500
003 CHAP
005 20220329140747.0
008 971013s1972 r 10010 d
010 _a57199
011 _a58171
035 _a62326
040 _cCHAP
082 _a631.585
_bS9 1971
111 0 0 _aSymposium on Peat in Horticulture. (
_n3
_d: 1971
_c: Dublin)
_9111049
245 _aProceedings
260 _aThe Hague :
_bInternational Society for Horticultural Science,
_c1972
300 _a198 p.
_b: ilus. ; gráfs.
490 _aActa Horticulturae
_v; 26
590 _aBATCH-UPD
_b10
_c20130110
_lUCH01
_h0916
590 _aBATCH-UPD
_b10
_c20130913
_lUCH01
_h1919
590 _aCONVERSION
_b10
_c20130109
_lUCH01
_h1331
650 1 4 _aHidroponía.
_955280
830 0 _aActa Horticulturae
_v; 26
_9739
901 _aBK
942 _cLIBRO
949 _a631.585 S9 1971
_bBC
_cLIBRO
_d33724000162566
_eLIBRO
_fc.3
_h58981
_i62326
_si
_t459.00
949 _a631.585 S9 1971
_bBC
_cLIBRO
_d33724000162582
_eLIBRO
_fc.4
_h58982
_i62326
_si
_t459.00
949 _a631.585 S9 1971
_bBC
_cLIBRO
_d33724000162632
_eLIBRO
_fc.2
_h56873
_i62326
_si
_t459.00
949 _bBC
_cPS
_d-133602
_ePS
_i62326
_si
_t459.00
999 _c57199
_d57199